000 00604nam a2200193Ii 4500
003 JO-AjNU
008 230605s9999||||xx |||||||||||||| ||und||
040 _aJO-AjNU
_bara
_erda
_cJO-AjNU
041 _aara
050 1 4 _aBJ1291.N37
100 3 _aناصيف،إميل,
_eauthor
_924211
245 0 0 _aمن أروع ما قال الكتاب المقدس
264 3 1 _aبيروت:دار الجيل ،د.ت
300 _a208ص
336 _atext
_btxt
_2rdacontent
337 _aunmediated
_bn
_2rdamedia
338 _avolume
_bnc
_2rdacarrier
650 4 _aالكتب السماوية-الانجيل
_924212
999 _aA8881
_c12449
_d12449